000 00270nam a22001217a 4500
008 181126b xxu||||| |||| 00| 0 eng d
041 _aeng
080 _a101
100 _a34
101 _aFIL
245 _aContemporary Philosophic Problems
_cEdel.A
942 _2udc
_cBK
999 _c52477
_d52477